Statistics for Governors of Texas

Click here to take the quiz!

General Stats

  • This quiz has been taken 3 times
  • The average score is 8 of 48

Answer Stats

HintAnswer% Correct
1991-1995Ann Richards
100%
1995-2000George Walker Bush
100%
2015-Greg Abbott
100%
2000-2015Rick Perry
67%
1859-1861Sam Houston
67%
1949-1957Allan Shivers
33%
1987-1991Bill Clements
33%
1979-1983Bill Clements
33%
1915-1917James Edward Ferguson
33%
1891-1895Jim Hogg
33%
1963-1969John Connally
33%
1983-1987Mark White
33%
1925-1927Miriam Amanda Ferguson
33%
1933-1935Miriam Amanda Ferguson
33%
1969-1973Preston Smith
33%
1865-1866Andrew Jackson Hamilton
0%
1947-1949Beauford Halbert Jester
0%
1895-1899Charles Allen Culberson
0%
1941-1947Coke Robert Stevenson
0%
1927-1931Dan Moody
0%
1973-1979Dolph Briscoe
0%
1870-1874Edmund Jackson Davis
0%
1861Edward Clark
0%
1853-1857Elisha Marshall Pease
0%
1867-1869Elisha Marshall Pease
0%
1861-1863Francis Lubbock
0%
1847-1849George Tyler Wood
0%
1857-1859Hardin Richard Runnels
0%
1935-1939James Burr V Allred
0%
1846-1847James Pinckney Henderson
0%
1866-1867James Webb Throckmorton
0%
1853James Wilson Henderson
0%
1883-1887John Ireland
0%
1899-1903Joseph Draper Sayers
0%
1887-1891Lawrence Sullivan Ross
0%
1879-1883Oran Milo Roberts
0%
1911-1915Oscar Branch Colquitt
0%
1921-1925Pat Morris Neff
0%
1863-1865Pendleton Murrah
0%
1849-1853Peter Hansborough Bell
0%
1957-1963Price Daniel
0%
1876-1879Richard Bennett Hubbard
0%
1874-1876Richard Coke
0%
1931-1933Ross Shaw Sterling
0%
1903-1907Samuel Willis Tucker Lanham
0%
1907-1911Thomas Mitchell Campbell
0%
1939-1941Wilbert Lee O'Daniel
0%
1917-1921William Pettus Hobby
0%

Score Distribution

Percentile by Number Answered

Percent of People with Each Score

Your Score History

You have not taken this quiz